Industrial Wastewater Treatment and Disposal: (Record no. 332200)

000 -LEADER
fixed length control field nam a22 7a 4500
003 - CONTROL NUMBER IDENTIFIER
control field NUST
005 - DATE AND TIME OF LATEST TRANSACTION
control field 20171117122043.0
008 - FIXED-LENGTH DATA ELEMENTS--GENERAL INFORMATION
fixed length control field 171117b xxu||||| |||| 00| 0 eng d
020 ## - INTERNATIONAL STANDARD BOOK NUMBER
International Standard Book Number 0080418589
040 ## - CATALOGING SOURCE
Transcribing agency 0
082 ## - DEWEY DECIMAL CLASSIFICATION NUMBER
Classification number 628.5 IND
245 ## - TITLE STATEMENT
Title Industrial Wastewater Treatment and Disposal:
Remainder of title proceedings of the international specialised conference held in Nicosia Cyprus 20-22 November 1990
Statement of responsibility, etc. Editor, E.Malikides
260 ## - PUBLICATION, DISTRIBUTION, ETC.
Place of publication, distribution, etc. New York
Name of publisher, distributor, etc. Pergamon
Date of publication, distribution, etc. 1992
300 ## - PHYSICAL DESCRIPTION
Extent 178p.
500 ## - GENERAL NOTE
General note P.B
942 ## - ADDED ENTRY ELEMENTS (KOHA)
Source of classification or shelving scheme
Koha item type Book
Call number prefix IESE
Holdings
Withdrawn status Lost status Source of classification or shelving scheme Damaged status Not for loan Collection code Permanent Location Current Location Shelving location Date acquired Total Checkouts Full call number Barcode Date last seen Price effective from Koha item type
            Institute of Environmental Science and Engineering (IESE) Institute of Environmental Science and Engineering (IESE) General Stacks 11/17/2017   628.5 IND IESE-03 11/17/2017 11/17/2017 Book
© 2023 Central Library, National University of Sciences and Technology. All Rights Reserved.